000 00538nam a2200217Ia 4500
003 OSt
005 20240910124747.0
008 240126s9999 xx 000 0 und d
020 _a9780195661736
040 _c0
041 _aEnglish
082 _a344.046 DIV;1 R
100 _aDivan, Shyam. Rosencranz, Armin.
245 0 _aEnvironmental law and policy in India
250 _a2nd ed.
260 _bOxford University Press
_aNew Delhi
300 _axxxviii, 837
440 _aNULL
650 _alaw,India
942 _cLL
_2ddc
999 _c280454
_d280454